History Of Bengal (Record no. 5039)

MARC details
000 -LEADER
fixed length control field 00399cam a2200169ua 4500
008 - FIXED-LENGTH DATA ELEMENTS--GENERAL INFORMATION
fixed length control field 131028n ii |||gr||||Z||||||eng
040 ## - CATALOGING SOURCE
Transcribing agency MAIN
082 ## - DEWEY DECIMAL CLASSIFICATION NUMBER
Classification number 954.14
100 ## - MAIN ENTRY--PERSONAL NAME
Personal name Ghosh,B,
Relator term
245 ## - TITLE STATEMENT
Title History Of Bengal
Statement of responsibility, etc. by B.Ghosh
260 ## - PUBLICATION, DISTRIBUTION, ETC.
Place of publication, distribution, etc. Calcutta:
Name of publisher, distributor, etc. Chalantika,
Date of publication, distribution, etc. 1968.
300 ## - PHYSICAL DESCRIPTION
Extent 363p.
942 ## - ADDED ENTRY ELEMENTS (KOHA)
Koha item type Books
653 ## - INDEX TERM--UNCONTROLLED
Uncontrolled term South Asia India
653 ## - INDEX TERM--UNCONTROLLED
Uncontrolled term History Of Bengal
Holdings
Withdrawn status Lost status Damaged status Not for loan Home library Current library Shelving location Date acquired Total Checkouts Full call number Barcode Date last seen Copy number Price effective from Koha item type
        Naharkatiya College Library Naharkatiya College Library General Stacks 19/09/2020   954.14 | GHO 3455 19/09/2020 2 19/09/2020 Books
        Naharkatiya College Library Naharkatiya College Library General Stacks 19/09/2020   954.14 | GHO 3456 19/09/2020 1 19/09/2020 Books

Naharkatiya College © 2020. All rights reserved.

Powered By